Statistiken für 30 Großstädte Nordrhein-Westfalens auf einer Karte

Klicken Sie hier um das Quiz zu spielen!

Allgemein

  • Dieses Quiz wurde 1.404 mal gespielt
  • Das Durchschnittsergebnis liegt bei 23 aus 30

Antworten auf der Karte

Die Antworten werden auf der Karte rot bzw. grün angezeigt, abhängig davon wie oft sie richtig erraten wurden.
 

Antwortstatistiken

BevölkerungStädte% Korrekt
621,877Düsseldorf
99%
1,087,863Köln
99%
588,250Dortmund
98%
582,760Essen
95%
248,960Aachen
94%
498,686Duisburg
92%
365,587Bochum
91%
329,673Bonn
90%
334,195Bielefeld
89%
259,645Gelsenkirchen
88%
315,293Münster
88%
355,100Wuppertal
84%
163,729Leverkusen
80%
261,034Mönchengladbach
79%
210,764Oberhausen
78%
151,633Paderborn
77%
179,916Hamm
74%
227,417Krefeld
70%
156,449Herne
68%
188,686Hagen
67%
102,770Siegen
66%
111,846Bergisch Gladbach
65%
111,397Recklinghausen
64%
117,565Bottrop
61%
153,896Neuss
61%
159,245Solingen
60%
170,632Mülheim an der Ruhr
58%
100,861Gütersloh
54%
103,902Moers
54%
111,338Remscheid
54%

Verteilung der Resultate

Perzentil nach korrekt beantworteten Fragen

Anzahl Personen mit jedem Resultat

Ihre Resultats-Entwicklung

Sie haben dieses Quiz noch nicht gespielt